[Event "FICGS W-ch st1 g12 email"]
[Site "FICGS email"]
[Date "2011.04.01"]
[Round "1"]
[White "Kehayov, Yulian"]
[Black "Canelas, Marco"]
[Result "0-1"]
[WhiteElo "1071"]
[BlackElo "1582"]
[PlyCount "64"]
[EventDate "2011.??.??"]
[EventType "tourn (corr)"]
[EventRounds "8"]
[SourceTitle "Corr 2013"]
[Source "ChessBase"]
[SourceDate "2012.11.12"]
[SourceVersion "1"]
[SourceVersionDate "2012.11.12"]
[SourceQuality "1"]

1. Nc3 d5 2. d4 Bf5 3. Nf3 Nf6 4. Bf4 e6 5. Nh4 Nh5 6. Nxf5 Nxf4 7. e3 Ng6 8. Ng3 Be7 9. Bb5+ c6 10. Bd3 c5 11. dxc5 0-0 12. 0-0 Bxc5 13. Na4 Bd6 14. c4 Bxg3 15. hxg3 dxc4 16. Bxc4 Nd7 17. Qb3 Rc8 18. Rfd1 Qc7 19. Rac1 Nde5 20. Bf1 Qxc1 21. Rxc1 Rxc1 22. Qxb7 Rd8 23. Nc3 h6 24. g4 Nxg4 25. Qe4 N6e5 26. Qb4 Rd2 27. Ne4 Rdd1 28. Ng3 h5 29. Qe7 Ng6 30. Qb4 f5 31. Qb5 h4 32. Nh5 Kh7 0-1

[Event "FICGS W-ch st1 g12 email"]
[Site "FICGS email"]
[Date "2011.04.01"]
[Round "1"]
[White "Zeman, Martin"]
[Black "Canelas, Marco"]
[Result "1-0"]
[WhiteElo "2065"]
[BlackElo "1582"]
[PlyCount "21"]
[EventDate "2011.??.??"]
[EventType "tourn (corr)"]
[EventRounds "8"]
[SourceTitle "Corr 2013"]
[Source "ChessBase"]
[SourceDate "2012.11.12"]
[SourceVersion "1"]
[SourceVersionDate "2012.11.12"]
[SourceQuality "1"]

1. e4 c5 2. Nf3 Nc6 3. d4 cxd4 4. Nxd4 Nf6 5. Nc3 e6 6. Nxc6 bxc6 7. e5 Nd5 8. Ne4 d6 9. c4 Qh4 10. Qf3 Nb4 11. Bg5 1-0